Erhebungen bei ̈bäuerlichen Milchkuhherden über die Beziehungen zwischen der Haltungssituation und dem Leistungs- und Gesundheitszustand der Tiere /

Bibliographic Details
Main Author: Ney, Gerhard
Format: Thesis Book
Language:German
Published: Hannover : [publisher not identified], 1991.

MARC

Tag First Indicator Second Indicator Subfields
LEADER 00000cam a2200000Ka 4500
001 in00004530485
005 20191205081722.0
008 921215s1991 gw a bm 000 0 ger
029 1 |a NLGGC  |b 097354309 
035 |a (OCoLC)ocm27125593 
035 |a (OCoLC)27125593 
035 |z (UtOrBLW)62583 
035 |a 89863 
040 |a AGL  |b eng  |c AGL  |d OCLCQ  |d UtOrBLW 
041 0 |a ger  |b eng 
049 |a TMVM 
072 0 |a L100 
072 0 |a L800 
100 1 |a Ney, Gerhard. 
242 0 0 |a Evaluations in dairy herds on the relationship between conditions of keeping and the state of performance and health of the animals.  |y eng 
245 1 0 |a Erhebungen bei ̈bäuerlichen Milchkuhherden über die Beziehungen zwischen der Haltungssituation und dem Leistungs- und Gesundheitszustand der Tiere /  |c vorgelegt von Gerhard Ney. 
264 1 |a Hannover :  |b [publisher not identified],  |c 1991. 
300 |a 132 pages :  |b illustrations ;  |c 21 cm. 
336 |a text  |2 rdacontent  |b txt 
337 |a unmediated  |2 rdamedia 
338 |a volume  |2 rdacarrier  |b nc 
500 |a Summary in English. 
502 |b doctoral  |c Tierärztliche Hochschule Hannover  |d 1991. 
504 |a Includes bibliographical references (pages 125-132). 
994 |a C0  |b TMV 
999 |a MARS 
999 f f |s bbebfa67-90f3-321e-95e1-0867f65151f9  |i fc9a2891-ce60-356a-bb07-28936e5ba378  |t 0 
952 f f |p preservation  |a Texas A&M University  |b J.J. Pickle Campus  |c High Density Repository  |d Remote Storage  |t 0  |e German dissertations  |h Other scheme  |i unmediated -- volume  |m 323890244985E 
998 f f |a German dissertations  |t 0  |l Remote Storage